Zahraničnopolitický vývoj pobaltských štátov od roku 1991 do roku 2004 diplomová práca

Enregistré dans:
Détails bibliographiques
Auteur principal: Gavronová, Barbora
Collectivité auteur: Fakulta medzinárodných vzťahov EU. Katedra medzinárodných politických vzťahov
Autres auteurs: Zubro, Tetyana, 1975-
Format: Livre
Langue:slovaque
Publié: Bratislava 2018
Tags: Ajouter un tag
Pas de tags, Soyez le premier à ajouter un tag!

MARC

LEADER 00000nbm a2200000 4500
001 0244471
005 20180806115038.4
041 0 |a slo 
044 |a SK 
245 1 0 |a Zahraničnopolitický vývoj pobaltských štátov od roku 1991 do roku 2004  |b diplomová práca  |c Barbora Gavronová ; školiteľ: Tetyana Zubro 
264 1 |a Bratislava  |c 2018 
300 |a 78 s. 
100 1 |a Gavronová, Barbora 
700 1 |a Zubro, Tetyana, 1975- 
710 2 |a Fakulta medzinárodných vzťahov EU. Katedra medzinárodných politických vzťahov